Echelle de Mots - de ? à ? - Statistiques

Statistiques générales
  • Ce quiz a été pris 712 fois
  • Le résultat moyen est 5 sur 12
Statistiques - réponses
Indice Réponse % Correct
Peut-être en barres, peut-être secret Code
55%
Beaucoup la craignent Mort
50%
Frapée Tapée
44%
Folle, imbécile Tarée
44%
Commune de Nouvelle-Calédonie Maré
41%
Haute et basse (ajouté 1 lettre) Marée
40%
Je déteste quand on m'en fait Tort
39%
Chou en anglais Cole
31%
Souvent sur un toit Tôle
31%
Langue en Haute-Volta Moré
30%
Coupe dégradée Taper
30%
Un tube courbé refermé sur lui-même Tore
22%
Aucun quiz correspondant
Distribution des résultats
% des personnes avec chaque résultat
Percentile par nombre de réponses
Votre historique - résultats
Vous n’avez pas pris ce quiz